| 000 | 00972cam a22002533a 4500 | ||
|---|---|---|---|
| 001 | 4034 | ||
| 003 | PGUSA | ||
| 005 | 20140828083042.0 | ||
| 008 | 030501s2003||||xxu|||||s|||||000 1 eng d | ||
| 040 |
_aPGUSA _beng |
||
| 042 | _adc | ||
| 050 | 4 | _aPR | |
| 100 | 1 |
_aMoore, George, _d1852-1933 |
|
| 245 | 1 | 4 |
_aThe Untilled Field _h[electronic resource] / _cGeorge Moore |
| 260 |
_bProject Gutenberg, _c2003 |
||
| 505 | 0 | _aIn the clay -- Some parishioners -- The exile -- Home sickness -- A letter to Rome -- Julia Cahill's curse -- A playhouse in the waste -- The wedding-gown -- The clerk's quest -- "Alms-giving." -- So on he fares -- The wild goose -- The way back. | |
| 506 | _aPublic domain in the USA. | ||
| 516 | _aElectronic text | ||
| 653 | _aIreland -- Emigration and Immigration -- Fiction | ||
| 653 | _aIreland -- Social life and customs -- Fiction | ||
| 830 | 0 |
_aProject Gutenberg _v4034 |
|
| 856 | 4 | 0 | _uhttp://www.gutenberg.org/ebooks/4034 |
| 942 | _cEB | ||
| 999 |
_c233363 _d233363 |
||